Out of darkness into the light : (Record no. 1093)

MARC details
000 -LEADER
fixed length control field 00735cam a2200253 a 4500
005 - DATE AND TIME OF LATEST TRANSACTION
control field 20260322212046.0
008 - FIXED-LENGTH DATA ELEMENTS--GENERAL INFORMATION
fixed length control field data
010 ## - LIBRARY OF CONGRESS CONTROL NUMBER
LC control number 88032084
020 ## - INTERNATIONAL STANDARD BOOK NUMBER
International Standard Book Number 0553053507
020 ## - INTERNATIONAL STANDARD BOOK NUMBER
International Standard Book Number 9780553053500
040 ## - CATALOGING SOURCE
Original cataloging agency DLC
Transcribing agency DLC
Modifying agency DLC
043 ## - GEOGRAPHIC AREA CODE
Geographic area code n-us---
050 00 - LIBRARY OF CONGRESS CALL NUMBER
Classification number BL73.J36
Item number A3 1989
082 00 - DEWEY DECIMAL CLASSIFICATION NUMBER
Classification number 291.4
Edition information 19
001 - CONTROL NUMBER
control field data
100 1# - MAIN ENTRY--PERSONAL NAME
Personal name Jampolsky, Gerald G.,
Dates associated with a name 1925-
245 10 - TITLE STATEMENT
Title Out of darkness into the light :
Remainder of title a journey of inner healing /
Statement of responsibility, etc. Gerald G. Jampolsky.
260 ## - PUBLICATION, DISTRIBUTION, ETC.
Place of publication, distribution, etc. New York :
Name of publisher, distributor, etc. Bantam Books,
Date of publication, distribution, etc. 1989.
300 ## - PHYSICAL DESCRIPTION
Extent 266 p. :
Other physical details ill. ;
Dimensions 22 cm.
600 10 - SUBJECT ADDED ENTRY--PERSONAL NAME
Personal name Jampolsky, Gerald G.,
Dates associated with a name 1925-
650 #0 - SUBJECT ADDED ENTRY--TOPICAL TERM
Topical term or geographic name entry element Spiritual biography
Geographic subdivision United States.
650 #0 - SUBJECT ADDED ENTRY--TOPICAL TERM
Topical term or geographic name entry element Physicians
Geographic subdivision United States
General subdivision Biography.
650 #0 - SUBJECT ADDED ENTRY--TOPICAL TERM
Topical term or geographic name entry element Spiritual life.
Holdings
Withdrawn status Lost status Damaged status Not for loan Home library Current library Shelving location Date acquired Total checkouts Full call number Barcode Date last seen Price effective from Koha item type
        Institut Protestant de Théologie Institut Protestant de Théologie General stacks 22/03/2026   291.4 19 BC0011127 22/03/2026 22/03/2026 Books